000 00935nam a22002177a 4500
999 _c65652
_d65652
005 20250123073606.0
008 s2554 th ||||| |||| 00| 0 tha d
020 _a9789744474049
040 _aNALT
090 _aKS 13
_bส876ค 2554
100 0 _aสุวัฒน์ ศรีพงษ์สุวรรณ
_934119
245 1 0 _aคำอธิบายประมวลกฎหมายอาญา เรียงมาตรา 1-398 /
_cสุวัฒน์ ศรีพงษ์สุวรรณ.
250 _aพิมพ์ครั้งที่ 6
260 _aกรุงเทพฯ :
_bนิติบรรณการ,
_c2554.
300 _a580 หน้า ;
_b
_c26 ซม.
650 4 _aความผิดทางอาญา
_910284
650 0 _aกฎหมายอาญา
_949366
850 _aNALT
942 _cLB
_2local
998 _j
_kCRON CRON